000 00610nam a22001817a 4500
999 _c180215
_d180215
005 20210817161902.0
010 _aENG-129648
020 _a978-81-942413-4-8
035 _aEN-113180
037 _bDBAD/PUB
082 _a371.1
_b1
100 _aEDWARDS ALEXANDR KYEI
245 _aTEACHERSHIP
_bPROFESSIONAL CITIZENSHIP,LEADERSHIP AND ENTREPRENEURSHIP AMONG TEACHERS/
_cALEXANDER KYEI EDWARDS
260 _aKOLKATA
_bEXCELLER BOOKS
_c2019
270 _aG1,DREAM APARTMENT,DEGREE COLLEGE ROAD,BELGHARIAA
_bKOLKATA
_e700056
300 _a207 pages
_b22cm(pbk)
942 _2ddc
_cEN
_h371.1
_kEDW